Statistics for Countries With Most Covid-19 Deaths Per Capita

Click here to take the quiz!

General Stats

  • This quiz has been taken 24 times
  • The average score is 7 of 10

Answer Stats

Deaths per millionCountry% Correct
511.51Italy
96%
251.43United States
96%
576.15Spain
91%
402.52France
87%
491.69United Kingdom
87%
306.58Ireland
57%
319.77Netherlands
57%
767.02Belgium
52%
219.22Switzerland
43%
325.34Sweden
35%

Score Distribution

Percentile by Number Answered

Percent of People with Each Score

Your Score History

You have not taken this quiz